Perico trepa por Chile

Uloženo v:
Podrobná bibliografie
Hlavní autor: Paz, Marcela (autora)
Další autoři: Morel Chaigneau, Alicia (autora)
Médium: Kniha
Jazyk:španělština
Vydáno: Santiago Universitaria 1985
Vydání:9a. ed
Témata:
Tagy: Přidat tag
Žádné tagy, Buďte první, kdo vytvoří štítek k tomuto záznamu!

MARC

LEADER 00000cam a2200000 a 4500
001 UCH3844
003 CL-VaPUC
005 20230531074403.0
008 090818e19850000CL |||||||||||||||||spa|d
999 |c 335250  |d 335248 
020 |a 8483400073 
040 |c Pontificia Universidad Católica de Valparaíso 
082 0 4 |a Ch863  |b PAZ  |2 21 
100 |a Paz, Marcela  |e autora  |9 881017 
245 1 0 |a Perico trepa por Chile 
250 |a 9a. ed 
260 |a Santiago  |b Universitaria  |c 1985 
300 |a 293 p 
583 |a last modification  |c 20170710 04:41:25  |k Rodrigo Vera 
650 0 |a Novelas chilenas   |9 265425 
650 0 |a Literatura chilena   |9 308278 
700 |a Morel Chaigneau, Alicia  |e autora  |9 626523 
942 |c BK  |2 ddc 
945 |d 20090818 00:00:00  |a lazolas 
952 |0 0  |1 0  |3 erb  |4 0  |6 CH_863_000000000000000_PAZ_1985  |7 0  |8 A  |9 425145  |a BIBEDU  |b BIBEDU  |c ES_NOD  |i 5336813  |o Ch863 PAZ 1985  |p 5336813  |r 2023-08-09  |w 2019-11-22  |y BK  |z Catalogado en:20160807  |k EPE